000
00315nam a22001457a 4500
003
SGT
020
_a
81-7724-023-4
082
_a
618.14
_b
C04M
100
_a
MAHAZAN, PUSHPLATA
245
_a
COLPOSCOPY AND ATLAS
260
_a
NEW DELHI
_b
MODERN PUB
_c
2004
300
_a
162
650
_a
AYURVEDA
942
_2
ddc
_c
BK
999
_c
14699
_d
14699